| 000 | 00478nam a22001697a 4500 | ||
|---|---|---|---|
| 003 | OSt | ||
| 008 | 250916b |||||||| |||| 00| 0 eng d | ||
| 020 | _a9 789364 377034 | ||
| 041 | _aeng | ||
| 082 |
_a658.001 _bSIJ/FA |
||
| 100 |
_aSijwali, BS _97842 |
||
| 245 |
_aFace to Face CAT Common Admission Test: _b26 Years Solved Papers 1999-2024 |
||
| 260 |
_aNew Delhi: _bArihant Publication (India) Ltd, _c2024. |
||
| 300 | _a236p. | ||
| 700 |
_aSijwali, Indu _97843 |
||
| 942 | _cBK | ||
| 999 |
_c19523 _d19523 |
||